000 00421nam a2200169Ia 4500
005 20250423095803.0
008 250422s9999 xx 000 0 und d
020 _a9780061238987
050 _aPZ 7 .G35/
100 _aGaiman, Neil.
245 0 _aInterWorld
260 _aNew York
260 _c2007
300 _a239 p
650 _aSpace and time--Fiction. Good and evil--Fiction. Science fiction.
942 _cBK
999 _c31330
_d31330